Microsoft GW-BASIC: interpreter user's guide

Gespeichert in:
Bibliographische Detailangaben
Format: Buch
Sprache:Englisch
Veröffentlicht: Redmond Microsoft 1987
Schlagworte:
Tags: Tag hinzufügen
Keine Tags, Fügen Sie den ersten Tag hinzu!

MARC

LEADER 00000nam a2200000 a 4500
001 UCR5732
003 CL-VaPUC
008 980403e19870000us |||||||||||||||||eng|d
082 0 4 |a 005.43  |b MIC  |2 21 
245 1 0 |a Microsoft GW-BASIC: interpreter user's guide 
300 |a 274 p 
942 |c BK 
945 |d 19980403 00:00:00  |a lriquelm 
260 |a Redmond  |b Microsoft  |c 1987 
650 0 |a Sistemas operativos   |9 260288 
650 0 |a Computadores  |9 258188 
650 7 |a GW-BASIC  |2 CL-VaPUC  |9 406698 
650 7 |a LENGUAJES DE COMPUTADORES  |2 CL-VaPUC  |9 406699 
583 |a last modification  |c 20171122 06:29:31  |k Rodrigo Vera 
999 |c 268181  |d 268179 
952 |0 0  |1 0  |4 0  |6 005_430000000000000_MIC_1987  |7 0  |8 A  |9 301129  |a BIBALI  |b BIBALI  |c GEN  |d 2019-11-20  |i 197579K  |o 005.43 MIC 1987  |p 197579K  |r 2025-01-20  |w 2019-11-20  |y BK  |k ALI